000 00600nam a2200205Ia 4500
003 GCL
008 140319s9999 xx 000 0 ara d
040 _aGCL /
_cGCL
082 0 4 _a811.9
_bع ر
100 1 _aعبدالرحيم منصور
245 1 0 _aالرقص على الحصى /
_cعبدالرحيم منصور
260 _aالقاهرة :
_bمكتبة مدبولى
300 _a185 ص ؛
_c16 سم
490 _a
650 0 4 _aالشعر العربى
650 0 4 _aالعصر الحديث
650 0 4 _aالشعر الحر
650 0 4 _aالشعر الغنائى
942 _2ddc
_cBK
999 _c55008
_d55008